| 000 | 01280nam a22003017a 4500 | ||
|---|---|---|---|
| 999 |
_c121099 _d121099 |
||
| 003 | dpl | ||
| 005 | 20181214141545.0 | ||
| 008 | 181214b ||||| |||| 00| 0 eng d | ||
| 010 | _aB-068392 | ||
| 020 |
_c200.00 _a8187775041 |
||
| 035 | _aB-068392 | ||
| 035 | _aB-78468 | ||
| 037 | _bCen Lib/Ret | ||
| 040 |
_aDPL _bHN _cdpl |
||
| 082 |
_a954.11 _bत्यागीअ |
||
| 100 |
_aत्यागी, अनुपम _994612 |
||
| 245 |
_aकश्मीर : _cअनुपम त्यागी _bएक कसौटी / |
||
| 246 |
_aKashmir : ek kasauti / _bby Anupam Tyagi |
||
| 260 |
_aनई दिल्ली _bआकाशदीप पब्लिकेशन्स _c2001 |
||
| 270 |
_a1/1073-डी, महरौली _bनई दिल्ली _e110030 |
||
| 300 |
_a182पृ. _c21सेमी(सजिल्द) |
||
| 500 | _aअनुक्रमणिका शामिल | ||
| 650 |
_aभारत विभाजन एवं कश्मीर की स्थिति _994613 |
||
| 650 |
_aभारत--अमेरिका मित्रता _981963 |
||
| 650 |
_aDivision and Kashmir state of India _994614 |
||
| 650 |
_aIndia--US friendship _994615 |
||
| 942 |
_2ddc _cHN _h954.11 _mत्यागीअ |
||